| 000 | 04926nam a2200637 i 4500 | ||
|---|---|---|---|
| 001 | 196028 | ||
| 003 | ES-MaACL | ||
| 005 | 20250815010155.0 | ||
| 006 | m o d | ||
| 007 | cr#un####uuuua | ||
| 008 | 240810s2022 ne ob 001 0 eng d | ||
| 010 | _a 2021061481 | ||
| 017 | _a9789004504660 | ||
| 020 | _a9004508457 | ||
| 024 | 7 |
_a10.1163/9789004508453 _2DOI |
|
| 035 | _a(CKB)5700000000083545 | ||
| 035 | _z(OCoLC)1295837705 | ||
| 035 | _a9918297917604201 | ||
| 035 | _a(nllekb)BRILL9789004508453 | ||
| 035 | _a(MiAaPQ)EBC31217669 | ||
| 035 | _a(Au-PeEL)EBL31217669 | ||
| 035 | _a(EXLCZ)995700000000083545 | ||
| 040 |
_aNL-LeKB _cNL-LeKB _erda _bspa |
||
| 043 | _ae-pl--- | ||
| 050 | 0 | 0 | _aN7483.R228 |
| 072 | 7 |
_aAC _2bicssc |
|
| 072 | 7 |
_aART _x015000 _2bisacsh |
|
| 082 | 0 | 0 |
_a709.2 _aB _223/eng/20220208 |
| 100 |
_aMencfel, Michał _9238015 _eaut |
||
| 240 | 1 | 0 |
_aAthanasius Raczyński (1788-1874). _lEnglish |
| 245 | 1 | 0 |
_aAthanasius Raczynski (1788-1874). Aristocrat, Diplomat, and Patron of the Arts / _cMichal Mencfel. |
| 250 | _aPrimera edición | ||
| 264 | 1 |
_aLeiden ; _aBoston : _bBrill, _c2022. |
|
| 300 |
_a554 pág : _bil ; _c24 cm. |
||
| 336 |
_atexto _btxt _2rdacontent |
||
| 337 |
_aordenador _bc _2rdamedia |
||
| 338 |
_arecurso en línea _2rdacarrier |
||
| 490 | 1 | _aEarly Modern History and Modern History E-Books Online, Collection 2022 | |
| 504 | _aIncluye referencias bibliográficas e índice. | ||
| 505 | 0 | _aContents -- Abbreviations -- List of Figures -- Introduction -- 1 Polyoptric Portrait -- 2 Sources -- 3 State of Research -- 4 Acknowledgements -- part 1: Formation -- 1 Grandfather Kazimierz Raczyński -- 1 His Guardian's Long Shadow -- 2 Traitor? -- 3 Family and Fatherland -- 4 Three Principles -- 2 Brothers -- 1 No One Else -- 2 Mirror -- 3 Herr Bruder, Write to Me -- 4 My Poor, Poor Brother! -- 3 Apprenticeship and Journeyman Years -- 1 The Fist, Rod, and Cane, or Education -- 2 'A Model Young Pole' -- 3 In Warsaw Circles -- 4 Smelling of the Antechamber -- 4 Rapture -- 1 Wasteful Times -- 2 Melancholy Self-Portrait -- 3 Wertherism -- 4 A Keen Eye -- part 2: Politics -- 5 The Aristocrat -- 1 Decorum -- 2 Estate -- 3 A Scandalous Picture: The Fiasco of Family Politics -- 4 Manifesto: The Portrait Gallery in Gaj -- 6 Political Creed -- 1 The Flight from Warsaw in 1794: The Spectre of Revolution -- 2 The Last Absolutist -- 3 Attitude towards the November Uprising in the Kingdom of Poland -- 4 Cara Patria: Being Polish as a Burden and a Challenge -- 7 A Pole in Berlin -- 1 Decision -- 2 'A Nobleman of the First Class' -- 3 A Good Catholic and a Pole -- 4 The Old Count -- 8 Diplomat -- 1 Early Endeavours -- 2 The Power of Circumstances or 'a Place Apart'? -- 3 Iberia -- 4 Friendships: Juan Donoso Cortés and Alphonse de Brotty d'Antioche -- part 3: Art -- 9 Raczyński as an Artist -- 1 Picturesque and Sublime Nature -- 2 The Romantic Landscape -- 3 Travel Notes -- 4 Views of Architecture -- 10 Aesthetic Views, Writings on Art, Patronage -- 1 Basic Concepts: Beauty and Taste -- 2 Modern German Painting -- 3 Writings on Art -- 4 Raczyński's Friend Wilhelm Kaulbach -- 11 Collector -- 1 The Queen of the Elves -- 2 Italian Journey -- 3 A Single Goal -- 4 Contemporary Painting -- 12 The Gallery -- 1 A Temple to Art -- 2 A Joint Undertaking: The Gallery in Poznań -- 3 A Small but Tasteful Picture Gallery -- 4 The Museum: 2 Exercierplatz -- Conclusion -- Athanasius Raczyński: Timetable -- Bibliography -- Index. | |
| 506 | 0 |
_fAcceso en línea sin restricciones _2star |
|
| 520 |
_a"This book depicts the long rich life and wide ranging work of Count Athanasius Raczyński (1788-1874). By exploring his complex personality, his processes of thought and his accomplishments, it reveals a man at once a wealthy aristocrat, a Pole in the Prussian diplomatic service, an active participant in and perceptive observer and critical commentator on political life, a connoisseur and art collector of European renown, and the author of ground breaking studies on German and Portuguese art - in short a distinguished and fascinating nineteenth century figure"-- _cEditorial |
||
| 588 | _aDescription based on print version record. | ||
| 600 | 1 | 0 |
_aRaczyński, Atanazy, _chrabia, _d1788-1874. _9238016 |
| 650 | 0 |
_aHistoriadores del arte- _zPolonia _9238017 |
|
| 650 | 0 |
_aDiplomáticos- _zPolonia- _vBiografía _9238018 |
|
| 650 | 0 |
_aEstadista- _zPolonia- _vBiografía _9238019 |
|
| 776 | _z90-04-50466-4 | ||
| 830 |
_aEarly Modern History and Modern History E-Books Online, Collection 2022 _9238020 |
||
| 852 |
_aES-MaACL _bR.153502 _cDEPOJ _jN-9155 _hDonación: Editorial _xEncuadernación cartoné _9205051 |
||
| 942 |
_cMONOGRAFIA _n0 |
||
| 999 |
_c196028 _d196028 |
||